Hojaca knižka. - Budyšin

Titel: Hojaca knižka. - Budyšin : Ludowe Nakł. Domowina. - 1992 [Rezension]
Verfasser:
In: Rozhlad, Band 43, Heft 6 (1993), Seite 227-228
alle Artikel anzeigen
Veröffentlicht: 1993
Format: Aufsatz
Sprache: Polnisch
Kein Bild verfügbar
X
alg: 39532525
001A    $01999:12-11-16 
001B    $03025:08-03-24 $t14:53:54.000 
001D    $01999:12-11-16 
001U    $0utf8 
001X    $00 
002@    $0Aox 
003@    $0395325250 
007A    $0395325250 $aHEB 
007T    $0Herdww011010 
010@    $apol 
011@    $a1993 
021A    $a@Hojaca knižka. - Budyšin $dLudowe Nakł. Domowina. -  1992 [Rezension] 
028A    $#Musiat, Zygmunt $71089144202 $8Musiat, Siegmund$Z1930-2017 [Tp1] $9374353212 
031A    $d43 $e6 $h227-228 $j1993 
039B    $aIn $8--Abvc--. Rozhlad. - Bautzen : Domowina, 1950-. - ISSN 0557-4250 $x199300000430006773 $9047452528 
039T    $8--Aaxc--. @Hojaca knižka. - 1. nakł.. - Budyšin : Ludowe Nakł. Domowina, 1992. - 63 S.. - ISBN 3-7420-0625-8 $9024503827 
045F    $a900.94385 $eDDC23BSB 
045F/01 $a900 
045F/03 $g4385 

lok: 39532525 78

exp: 39532525 78 1 #EPN
201B/01 $018-11-16 $t14:30:31.000 
201U/01 $0utf8 
203@/01 $0791663914 
208@/01 $a12-11-16 $be 
209A/01 $a/ $f000 $x00 
220C/01 $aTitelaufnehmer: TJ 
220C/01 $aHerkunft: IH UWr 
244Z/01 $2Trx $#Silesia $#Śląsk $#Sliezsko $#Slezsko $8--Trx--Schlesien $x01 $9391173987 
244Z/01 $2Trx $#arvustused $#recenzijos $#Reviews $#recenziók $#recenzje $#recenzie $#recenze $8--Trx--Rezensionen $x02 $9391357441 
247C/01 $82080>Marburg/Lahn, Herder-Institut, Forschungsbibliothek, Bibliographieportal $9336309341
LEADER 00000caa a22000002c 4500
001 395325250
003 DE-603
005 20240308145354.0
007 tu
008 161112s1993 xx |||| | u00||u|pol c
035 |a (DE-599)HEB395325250 
040 |a DE-603  |b ger  |c DE-603  |d DE-603 
041 |a pol 
082 0 4 |8 1\u  |a 900.94385  |q DE-101  |2 23/BSB 
085 |8 1\u  |b 900 
085 |8 1\u  |z 2  |s 4385 
100 1 |a Musiat, Siegmund  |d 1930-2017  |0 (DE-603)374353212  |0 (DE-588)1089144202  |2 gnd 
245 0 0 |a Hojaca knižka. - Budyšin  |b Ludowe Nakł. Domowina. - 1992 [Rezension] 
264 0 |c 1993 
773 0 8 |i In  |t Rozhlad  |d Bautzen : Domowina, 1950-  |h 24 cm  |x 0557-4250  |g Band 43, Heft 6 (1993), Seite 227-228  |w (DE-603)047452528  |w (DE-600)280835-3 
787 0 8 |i Rezension von  |t Hojaca knižka  |b 1. nakł.  |d Budyšin : Ludowe Nakł. Domowina, 1992  |h 63 S.  |z 3742006258  |w (DE-603)024503827 
924 0 |9 2080  |a (DE-603)791663914  |b DE-2080  |c HES  |d d  |g /